000 00962nam a2200265Ia 4500
001 21662
005 20260320113302.0
008 260320s9999||||xx |||||||||||||| ||und||
020 _a9788411062435
041 _aESP
082 _a616.89
_bC76
100 _aComer, Ronald J.,
_eAUT
245 0 _aPsicopatología :
_bfundamentos
246 _a
_5
_b
250 _aDécima edición
260 _aMadrid :
_bEditorial Médica Panamericana
_c2025
300 _axxv, 525 páginas :
_bfiguras, tablas ;
_c28 cm.
_e
440 _a
_n
_v
650 _aTCA
653 _aPsicopatología
654 _aCPS
700 _aComer, Jonathan S.,
_cAUT
856 _uhttps://ebookcentral-proquest-com.ucsp.lookproxy.com/lib/catolicasp/detail.action?docID=31891948&query=psicopatologia
_zVéase además: Guía Práctica de Evaluación en Psicología Clínica : Protocolos para el Abordaje Diagnóstico de Trastornos Mentales. Versión digital
942 _cLIB
_dJUS
_fTRC
_2ddc
_n
999 _c21662
_d21662